Aby vás Duslo neudusilo
Chemická továreň Duslo v Šali bola konfrontovaná s nepriamym obvinením ekologických aktivistov zo zamorovania okolia jedovatými dioxínmi. Projekt krízovej komunikácie mal objasniť skutočný stav, poukázať na nekorektné praktiky ekologických aktivistov. Duslo je najväčším súkromným investorom projekto...
Saved in:
| Main Author: | |
|---|---|
| Format: | Book Chapter |
| Language: | Czech |
| Subjects: | |
| Tags: |
No Tags, Be the first to tag this record!
|
MARC
| LEADER | 00000naa$a2200000$$$4500 | ||
|---|---|---|---|
| 001 | 0067602 | ||
| 005 | 20231016105749.5 | ||
| 041 | 0 | |a cze | |
| 044 | |a CZ | ||
| 245 | 1 | 0 | |a Aby vás Duslo neudusilo |c Vladimír Bystrov |
| 520 | |a Chemická továreň Duslo v Šali bola konfrontovaná s nepriamym obvinením ekologických aktivistov zo zamorovania okolia jedovatými dioxínmi. Projekt krízovej komunikácie mal objasniť skutočný stav, poukázať na nekorektné praktiky ekologických aktivistov. Duslo je najväčším súkromným investorom projektov na redukciu ekologickej záťaže výroby. | ||
| 610 | 2 | 0 | |a ekológia |
| 610 | 2 | 0 | |a ochrana prostredia životného |
| 610 | 2 | 0 | |a priemysel chemický |
| 610 | 2 | 0 | |a podnik |
| 610 | 2 | 0 | |a manažment krízový |
| 610 | 2 | 0 | |a stratégia podniková |
| 100 | 1 | |a Bystrov, Vladimír | |